=LDR 00000nam 2200000 4500 =001 INLIS000000000014173 =005 20130612105447 =008 ***********************************Ind** =035 ##$$0010-061300000014173 =041 ##$$a Ind =082 ##$$a F 813 =090 ##$$a F 813, Ros c =100 ##$$a Rosyadi, Khoirul =245 ##$$a Cinta dan keterasingan, Khoirul Rosyadi =260 ##$$a 2000 $b Yogyakarta =300 ##$$a xvi, 123 hlm, 19,5 cm =650 ##$$a Fiksi Indonesia =850 ##$$a NBPNMAT